00602nam a2200205Ia 450000500170000000800410001702000150005808200210007310000190009424500550011326000430016830000110021165000240022265000100024665000110025665000110026794200060027895200970028499900150038120250129030038.0240331s9999 xx 000 0 und d a1878071033 bJAC2781a304.63 aJacobson, J. L 0aWomen's Reproductive Health:bThe Silent Emergency aWashingtonbWorldwatch Institutec1991 a72 p., aReproductive Health aWomen aFamily aHealth cL 001040708LaWERCLbWERCLcSSCd2024-03-31l0o 304.63 JACp781r2024-03-31w2024-03-31yL c1420d1420